000 00673nam a2200217 i 4500
001 19676
003 ES-MaACL
005 20230906152139.0
007 t|
008 021008s1984 ag a |||| | spa d
020 _a950-12-4031-2
100 1 _aAberastury, Arminda,
_918091
245 1 0 _aAportaciones al psicoanálisis de niños /
_cArminda Aberastury.
260 _aBuenos Aires :
_bPaidós,
_c1984.
300 _a210 p. :
_bil. ;
_c22 cm.
490 1 _aBiblioteca de psicología profunda ;
_v31
650 0 4 _aNiños-
_xPsicoanálisis.
_915552
830 0 _aBiblioteca de psicología profunda ;
_v31
_9179952
852 _aES-MaACL
_jL-11578
999 _c19676
_d19676